| 000 | 00726nam a2200265Ia 4500 | ||
|---|---|---|---|
| 001 | Para_7620 | ||
| 003 | CHAP | ||
| 008 | 220125s1965 xx 000 0 und d | ||
| 010 | _a206514 | ||
| 040 | _cCHAP | ||
| 082 | _aPA 632.7 M48y | ||
| 100 |
_aMetcalf, C.L. _9165256 |
||
| 245 |
_aInsectos destructivos e insectos útiles : _b costumbres y su control / _c by C.L. Metcalf y W.P. Flint |
||
| 260 |
_aMéxico : _b CTCSA |
||
| 300 | _a1208 p. | ||
| 650 |
_aEntomología económica _937145 |
||
| 700 |
_aFlint, W.P. _941292 |
||
| 901 | _aPA 632.7 M48Y | ||
| 902 | _aA | ||
| 905 | _a0000001965 a 0000000000 00 | ||
| 910 | _a1965 | ||
| 942 | _cPARA | ||
| 942 |
_cPARA _d1 |
||
| 999 |
_c206514 _d206514 |
||